| 000 | 01014 a2200229 4500 | ||
|---|---|---|---|
| 001 | 29441 | ||
| 005 | 20260407155604.0 | ||
| 008 | 260407a1995 arg spa d | ||
| 003 | AR-UNSa-BCEJYS | ||
| 040 |
_aAR-UNSa-BCEJYS _bspa _cAR-UNSa-BCEJYS |
||
| 080 |
_a336.225 _xMétodo de tributación y administración de impuestos |
||
| 245 | 1 | 0 | _aDeterminación de oficio |
| 020 | _a950-811-026-0 | ||
| 264 | 1 |
_aBuenos Aires : _bEdiciones Nueva Técnica _c1995 |
|
| 300 |
_a86 p. _c28 cm. |
||
| 505 | _a1. Concepto - 2. Modalidades - 3. Casos en que procede - 4. Casos en que no procede - 5. Procedimiento - 6. Caducidad de la instancia - 7. Liquidación administrativa - 8. Presunciones - 9. Resolución administrativa - 10. Efectos de la determinación de oficio - 11. Propuestas de las doctrinas tendientes a mejorar el procedimiento de determinación de oficio | ||
| 041 | _aspa | ||
| 942 | _cBK | ||
| 590 | _aniveau_biblio:m niveau_hierar:0 | ||
| 100 | 1 | _aRofrano, Omar Angel | |
| 700 | 1 | _aGomez, Oscar Daniel | |
| 999 |
_c1866 _d1866 |
||